Mitosis - Year 10 Biology - Statistics

General Stats
  • This quiz has been taken 116 times
  • The average score is 5 of 7
Answer Stats
Hint Answer % Correct
Anaphase
100%
Metaphase
96%
Telophase/Cytokinesis
96%
What are the 4 basic phases of mitosis? (In order) Prophase
95%
What structure in a chromosome holds the two chromatids together? Centromere
53%
What controls the movement and separation of chromosomes during division? Spindle Fibres
43%
What type of cell is divided by mitosis? Somatic Cells
35%
No matching quizzes found
Score Distribution
Percent of People with Each Score
Percentile by Number Answered
Your Score History
You have not taken this quiz